| 000 | 00490nam a2200193Ia 4500 | ||
|---|---|---|---|
| 003 | GCL | ||
| 008 | 140319s9999 xx 000 0 eng d | ||
| 040 |
_aGCL / _cGCL |
||
| 082 | 0 | 4 |
_a933 _bJ J |
| 100 | 1 | _aJOIN-LAMBERT, MICHEL | |
| 245 | 1 | 0 |
_aJERUSALEM / _cJOIN-LAMBERT, MICHEL |
| 700 | 1 | _aHALDANE, CHARLOTTE | |
| 260 |
_a[S.N] : _blondon ، _c1958 |
||
| 300 | _a223 P | ||
| 650 | 0 | 4 | _aJERUSALEM |
| 650 | 0 | 4 | _aJERUSALEM - CHRISTIANITY |
| 650 | 0 | 4 | _aJERUSALEM - ISLAM |
| 942 |
_2ddc _cBK |
||
| 999 |
_c11061 _d11061 |
||